000 00712cam a2200229 a 4500
001 951792
005 20180131100050.0
008 840709s1985 enka b 101 0 eng
010 _a 84014535
020 _a0121814602 (U.S. : alk. paper)
040 _aDLC
_cDLC
_dDLC
041 _aeng
060 _aW1 SO851F no. 21
_aQY 100 I85 1983
080 _a616..014 coll
082 0 0 _a616..014 coll
_219
100 _a3
101 _ashm
245 0 0 _aIsolation and identification of micro-organisms of medical and veterinary importance /
_cedited by C.H. Collins and J.M. Grange.
504 _aIncludes bibliographies and index.
906 _a7
_bcbc
_corignew
_d1
_eocip
_f19
_gy-gencatlg
942 _2ddc
_cBK
999 _c41417
_d41417